Formula 1 technology
Guardat en:
| Autor principal: | |
|---|---|
| Format: | Llibre |
| Idioma: | anglès |
| Publicat: |
Warrendale
Society of Automotive Engineers
2001
|
| Matèries: | |
| Etiquetes: |
Afegir etiqueta
Sense etiquetes, Sigues el primer a etiquetar aquest registre!
|
MARC
| LEADER | 00000nam a2200000 a 4500 | ||
|---|---|---|---|
| 001 | UCM2707 | ||
| 003 | CL-VaPUC | ||
| 008 | 020613e20010000us |||||||||||||||||eng|d | ||
| 082 | 0 | 4 | |a 629.228 |b WRI |2 21 |
| 100 | 0 | |a Wright, Peter |e author |9 469449 | |
| 245 | 1 | 0 | |a Formula 1 technology |
| 300 | |a 437 p | ||
| 942 | |c BK | ||
| 945 | |d 20020613 00:00:00 |a cmena | ||
| 260 | |a Warrendale |b Society of Automotive Engineers |c 2001 | ||
| 650 | 0 | |a Automóvil de carreras |9 484783 | |
| 650 | 0 | |a Automóviles |v Diseño y construcción |9 469448 | |
| 650 | 0 | |a Ingeniería mecánica |9 262089 | |
| 650 | 7 | |a FORMULA 1 |2 CL-VaPUC |9 469452 | |
| 583 | |a last modification |c 20171227 01:34:39 |k Rodrigo Vera | ||
| 999 | |c 300429 |d 300427 | ||
| 952 | |0 0 |1 0 |4 0 |6 629_228000000000000_WRI_2001 |7 0 |8 A |9 358208 |a BIBMEC |b BIBMEC |d 2019-11-21 |i 3819574 |o 629.228 WRI 2001 |p 3819574 |r 2019-11-21 |w 2019-11-21 |y BK |k MEC | ||